| 000 | 00723nam a22002177a 4500 | ||
|---|---|---|---|
| 005 | 20150923125722.0 | ||
| 008 | 150923b mx ||||| |||| 00| 0 spa d | ||
| 020 | _a9688593508 | ||
| 050 | 0 | 4 |
_aPN4756 _bV55 1999 |
| 100 | 1 | _aVillanueva, Ernesto | |
| 245 | 1 | 0 |
_aDeontología informativa : _bCódigos deontológicos de la prensa escrita en el mundo / _cErnesto Vilanueva |
| 250 | _a1a ed. | ||
| 260 |
_aMéxico : _bUniversidad Iberoamericana |
||
| 260 | _bPontificia Universidad Javeriana | ||
| 260 |
_bFacultad de Ciencias Jurídicas, _c1999 |
||
| 300 |
_a389 p. ; _c22 cm. |
||
| 504 | _aIncluye índice | ||
| 650 | 7 |
_2LEMB _aPeriodísmo _xÉtica profesional |
|
| 650 | 7 |
_2LEMB _aÉtica profesional |
|
| 942 |
_2lcc _cLIB |
||
| 999 |
_c101341 _d101341 |
||